Personaje y metaficción en ceremonia secreta, de Mario Denevi

Este texto pretende rastrear la urdimbre de las fabulaciones múltiples al interior de un mundo representado que se propone como reto al lector

Salvato in:
Dettagli Bibliografici
Autore principale: Sifontes Greco, Lourdes
Natura: Sconosciuto
Pubblicazione: Venezuela: Universidad Simón Bolivar,
Soggetti:
Tags: Aggiungi Tag
Nessun Tag, puoi essere il primo ad aggiungerne!!

MARC

LEADER 000000000a22000000004500
001 000045
022 |a 0798-958-X 
100 1 |a Sifontes Greco, Lourdes 
245 1 0 |a Personaje y metaficción en ceremonia secreta, de Mario Denevi 
260 |a Venezuela:   |b Universidad Simón Bolivar, 
310 |a semestral 
520 |a Este texto pretende rastrear la urdimbre de las fabulaciones múltiples al interior de un mundo representado que se propone como reto al lector 
650 4 |a LITERATURA ARGENTINA 
650 4 |a NOVELA 
773 0 |t Estudios: revista de Investigaciones literarias 
773 0 |g 2 
773 0 |g 3 
773 0 |g 1994 
773 0 |g 163-184 
999 |c 795  |d 795